Score 0/12 Timer 01:00
2 Plays Today
% Correct
Wallaby
89.8%
Koala
87.4%
Wombat
86.2%
Opossum
84.7%
Tree Kangaroo
81.4%
Possum
80%
Bandicoot
69.5%
Tasmanian devil
66.6%
Quokka
57.7%
Numbat
52.3%
Bilby
49.5%
Quoll
32.5%

Today's Daily Dose

You're not logged in!

Compare scores with friends on all Sporcle quizzes.
OR
Log In

Sporcle TV

Today on Sporcle TV


Watch our educational content, quiz creation guides, and fun videos on Sporcle TV.

Show Comments

Extras

Top Quizzes Today


Score Distribution

Paid Content

Your Account Isn't Verified!

In order to create a playlist on Sporcle, you need to verify the email address you used during registration. Go to your Sporcle Settings to finish the process.

Report this User

Report this user for behavior that violates our Community Guidelines.

Details: